| 000 | 00528cam a2200193ua 4500 | ||
|---|---|---|---|
| 020 |
_a0-07-451566-7 _c172.00 |
||
| 041 |
_aeng _h |
||
| 082 |
_a551.48 _bCHA/WA |
||
| 100 | _aChaturvedi, M C . | ||
| 245 |
_aWater resources system planning and management / _cM C Chaturvedi. _hTextual Documents |
||
| 250 |
_a1 / _b. |
||
| 260 |
_aNew Delhi : _bTata Mc-Graw Hill Publishing Company , _c1987. |
||
| 300 | _a601 ; . | ||
| 365 | _a172.00 | ||
| 504 | _a | ||
| 942 | _cBK | ||
| 999 |
_c9626 _d9626 |
||